Beyond Caste: (Record no. 38989)
[ view plain ]
| 000 -LEADER | |
|---|---|
| fixed length control field | 01136nam a22001937a 4500 |
| 020 ## - INTERNATIONAL STANDARD BOOK NUMBER | |
| ISBN | 9789004249189 |
| 082 ## - DEWEY DECIMAL CLASSIFICATION NUMBER | |
| Classification number | 305.512 |
| Item number | GUH-B |
| 100 ## - MAIN ENTRY--AUTHOR NAME | |
| Personal name | Guha, Sumit |
| Relator term | author. |
| 245 ## - TITLE STATEMENT | |
| Title | Beyond Caste: |
| Sub Title | Identity and Power in South Asia, Past and Present/ |
| Statement of responsibility, etc | Sumit Guha |
| 260 ## - PUBLICATION, DISTRIBUTION, ETC. (IMPRINT) | |
| Place of publication | Netherland: |
| Name of publisher | Brill , |
| Year of publication | 2024 |
| 300 ## - PHYSICAL DESCRIPTION | |
| Number of Pages | xviii, 236p. |
| Other physical details | Abbreviations, Bibliography, Index |
| 520 ## - SUMMARY, ETC. | |
| Summary, etc | Caste' is today almost universally perceived as an ancient and unchanging Hindu institution preserved solely by a deep-seated religious ideology. Yet the word itself is an importation from sixteenth-century Europe. This book tracks the long history of the practices amalgamated under this label and shows their connection to changing patterns of social and political power down to the present. It frames caste as an involuted and complex form of ethnicity and explains why it persisted under non-Hindu rulers and in non-Hindu communities across South Asia. |
| 546 ## - LANGUAGE NOTE | |
| Language note | English |
| 650 ## - SUBJECT ADDED ENTRY--TOPICAL TERM | |
| Topical Term | Caste |
| Geographic subdivision | South Asia |
| 650 ## - SUBJECT ADDED ENTRY--TOPICAL TERM | |
| Topical Term | Social identity |
| Geographic subdivision | South Asia |
| 650 ## - SUBJECT ADDED ENTRY--TOPICAL TERM | |
| Topical Term | Social change |
| Geographic subdivision | South Asia |
| 650 ## - SUBJECT ADDED ENTRY--TOPICAL TERM | |
| Topical Term | Power |
| Geographic subdivision | South Asia |
| 942 ## - ADDED ENTRY ELEMENTS (KOHA) | |
| Source of classification or shelving scheme | Dewey Decimal Classification |
| Koha item type | Books |
| Withdrawn status | Lost status | Damaged status | Not for loan | Home library | Current library | Date acquired | Source of acquisition | Cost, normal purchase price | Full call number | Accession Number | Cost, replacement price | Price effective from | Koha item type |
|---|---|---|---|---|---|---|---|---|---|---|---|---|---|
| NASSDOC Library | NASSDOC Library | 21/03/2024 | Rajasthani Granthagar | 1151.59 | 305.512 GUH-B | 54067 | 1595.00 | 18/03/2024 | Books |
